000 01849nam0a2200433 4500
001 RU\NLR\bibl\2084159
005 20260406063142.0
010 _a978-5-91663-163-0
_9700
021 _aRU
_b2013-74477
_95111
035 _a(NLR Aleph) 002074309
035 _a(nilc)RuMoRGB-006667171
090 _a4788025
_c4788025
100 _a20131026d2013 |||y0rusy50 ca
101 1 _arus
_clat
102 _aRU
105 _aa |||||
200 1 _aНаставление оратору
_fМарк Фабий Квинтилиан
_g[пер. с лат. А. Никольского]
210 _aМосква
_cБизнеском
_d2013
215 _a471 с.
_cил., портр.
_d23
225 1 _aБиблиотека Генерального Директора
_iВечная классика
_vТ. 7 (55)
225 1 _aСерия "Вечная классика"
300 _aЗагл. и авт. ориг.: Institutio oratoria / Marcus Fabius Quintilianus
300 _aНа пер. только авт.
454 0 _12001#$aInstitutio oratoria$fMarcus Fabius Quintilianus
_1700#1$aQuintilianus$bM.F.$fок. 35-95$gMarcus Fabius
_tInstitutio oratoria
_aQuintilianus, Marcus Fabius (ок. 35-95)
600 1 _aКвинтилиан
_bМ.Ф.
_fок.35 - 95
_gМарк Фабий
_91322243
_3RU\NLR\AUTH\66549284
606 1 _aРиторика
_91878520
_3RU\NLR\AUTH\66853436
686 2 _aШ70,0(0)
686 1 _aШ5(0)353.2-4Квинтилиан
700 1 _8rus
_7ca
_aКвинтилиан
_bМ. Ф.
_fок.35-ок.96
_gМарк Фабий
_3RU\NLR\AUTH\7713255
_9122948
801 0 _aRU
_bRuMoRKP
_c20130919
_gRCR
801 2 _aRU
_bРГБ
_c20131003
_grcr
801 1 _aRU
_bRuMoRKP
_c20130919
_2rusmarc
801 2 _aRU
_bNLR
_c20131021
_grcr
942 _cBOOK
980 _aNBR
980 _aNB